Desigualdades por razón de género en la salud ocupacional /

Guardat en:
Dades bibliogràfiques
Autor principal: Ostlin, Piroska (autor)
Altres autors: Alleyne, George A.O. (prólogo) (prólogo)
Format: Llibre
Idioma:espanyol
Publicat: Washington, EUA : Cambridge, EUA : OPS ; Harvard Center for Population and Development Studies, 2000, c2000
Col·lecció:(Publicación Ocasional ; 9)
(Género y Equidad en la Salud)
Matèries:
Etiquetes: Afegir etiqueta
Sense etiquetes, Sigues el primer a etiquetar aquest registre!

MARC

LEADER 00000nam^a2200000^a^4500
001 000161993
005 20250521000000.0
009 20260310100816.077
037 |a Acervo ITESO - Biblioteca 
041 |a ESP 
082 |a 614.  |b GEN. V. 9 
100 |a Ostlin, Piroska  |e (autor) 
240 1 1 |a [Género y Equidad en la Salud] 
245 1 0 |a Desigualdades por razón de género en la salud ocupacional /  |c P. Ostlin ; pról. de G.A.O. Alleyne. 
264 4 |a Washington, EUA :  |b OPS ;  |a Cambridge, EUA :  |b Harvard Center for Population and Development Studies,  |c 2000, c2000 
300 |a VII, 26 p. 
336 |a texto  |b txt  |2 rdacontenido 
337 |a sin mediación  |b n  |2 rdamedio 
338 |a volumen  |b nc  |2 rdasoporte 
440 1 |a (Publicación Ocasional ;  |v 9) 
440 1 |a (Género y Equidad en la Salud) 
649 |a XX 
650 |a Trabajo 
650 |a Género 
650 |a Empleo y Desempleo 
650 |a Igualdad y Desigualdad -  |x Tema Principal 
650 |a Higiene Industrial -  |x Tema Principal 
650 |a Servicios Médicos y de Salud 
650 |a Salud Pública 
700 |a Alleyne, George A.O.  |e (prólogo) 
910 |a Fondo General 
920 |a Impresos - Libros 
930 |a Colección General 
905 |a 101 
901 |a 0500094544  |b IT1  |c ACC  |u 20250521 
902 |a https://opac.biblio.iteso.mx/vufind/Record/000161993